| 000 | 004060000a22001090004500 | ||
|---|---|---|---|
| 090 |
_aAS _bSeriadas |
||
| 245 | 1 | 0 | _aEfectos de la cantidad y frecuencia alimentaria de una dieta experimental sobre la tasa de crecimiento de un ejemplar juvenil de Crocodylia: Crocodylidae |
| 041 | 0 | _aEspañol | |
| 100 | 1 |
_aRamírez Perilla, Jaime A. _921678 |
|
| 942 | _cARTICULO | ||
| 773 | 1 |
_tCaldasia _345 _h79 _q531-538 _d1991 _g16 |
|
| 999 |
_c14804 _d14804 |
||